Our hearts were young and gay /

Bibliographic Details
Main Author: Skinner, Cornelia Otis, 1901-1979
Other Authors: Kimbrough, Emily, 1899-1989, Alajalov, Constantin, 1900-1987
Format: Book
Language:English
Published: New York : Dodd, Mead & company, 1942.

MARC

Tag First Indicator Second Indicator Subfields
LEADER 00000cam a22000001 4500
001 in00000687213
005 20151015162010.0
008 721213s1942 nyua 00010 eng
010 |a  42036388  
035 |a (OCoLC)00287927 
035 |9 ACZ4489AM 
040 |a DLC  |c DLC  |d TXA  |d UtOrBLW 
049 |a TXAM  |c [116119] 
050 0 0 |a PS3537.K533  |b O8 
082 0 |a 817.5 
092 |a 914  |b S628o 
100 1 |a Skinner, Cornelia Otis,  |d 1901-1979. 
245 1 0 |a Our hearts were young and gay /  |c by Cornelia Otis Skinner and Emily Kimbrough; drawings by Alajalov. 
264 1 |a New York :  |b Dodd, Mead & company,  |c 1942. 
300 |a 4 pages, leaves, 247 pages :  |b illustrations ;  |c 21 cm. 
336 |a text  |b txt  |2 rdacontent 
337 |a unmediated  |b n  |2 rdamedia 
338 |a volume  |b nc  |2 rdacarrier 
700 1 |a Kimbrough, Emily,  |d 1899-1989. 
700 1 |a Alajalov, Constantin,  |d 1900-1987. 
999 |a MARS 
999 f f |s 03c32a8e-1e25-37d5-a841-68e5965f5349  |i 3e85c986-4ae8-3b28-9e7b-e33872f1249b  |t 0 
952 f f |p normal  |a Texas A&M University  |b College Station  |c Sterling C. Evans Library  |d Evans: Library Stacks  |t 0  |e PS3537.K533 O8  |h Library of Congress classification  |i unmediated -- volume  |m A14801411340 
998 f f |a PS3537.K533 O8  |t 0  |l Evans: Library Stacks